MARC

LEADER 00000nam0a2200000 4500
001 32653
005 20231030205147.0
035 |a (RuTPU)RU\TPU\book\32952 
035 |a BOOK00000004 
090 |a 32653 
100 |a 20011210d1980 k y0rusy50 ca 
101 0 |a rus 
102 |a RU 
105 |a a z 001zy 
200 1 |a Методы сплайн-функций  |f Ю. С. Завьялов, Б. И. Квасов, В. Л. Мирошниченко 
210 |a Москва  |c Наука  |d 1980 
215 |a 352 с.  |c ил. 
320 |a Библиогр.: с. 346-350. 
320 |a Предм. указ.: с. 351-352. 
610 1 |a математика 
610 1 |a сплайны 
610 1 |a свойства 
610 1 |a кривые 
610 1 |a поверхности 
610 1 |a аппроксимация 
675 |a 519.65  |v 3 
700 1 |a Завьялов  |b Ю. С.  |g Юрий Семенович 
701 1 |a Квасов  |b Б. И.  |g Борис Ильич 
701 1 |a Мирошниченко  |b В. Л.  |g Валерий Леонидович 
801 0 |a RU  |b 63413507  |c 20011210  |g PSBO 
801 2 |a RU  |b 63413507  |c 20191214  |g PSBO 
942 |c BK